• 首页
  • 本馆介绍
  • 公告通知
  • 最新文献
  • 馆藏检索
  • 电子资源
  • 读者导购
  • 参考咨询
  • 我的图书馆
  • 登录
  • 详细信息显示
  • 放入我的书架
  • 预约/预借图书
  • 作者相关作品
  • 分类相关作品
  • 丛书相关作品
  • 出版社相关作品

书目信息

  • 表格格式
  • 工作单格式
  • 卡片格式
题名:
劳动与就业
    
 
作者: 张彦 , 陈晓强 编著
分册:  
出版信息: 北京   社会科学文献出版社  2002
页数: 11,494页
开本: 21cm
丛书名: 社会工作丛书
单 册:
中图分类: F24
科图分类:
主题词: 劳动就业--基本知识 , 职业选择--基本知识 , CT--S045516--劳动就业 , CT--S095484--职业选择 , 劳动经济
电子资源:
ISBN: 7-80149-753-8
000 01047nam0 2200325 45
001 012002061506
005 20031219104119.9
010    @a7-80149-753-8@dCNY29.00
100    @a20020805d2002 em y0chiy0110 ea
101 0  @achi
102    @aCN@b110000
105    @ay z 000yy
106    @ar
200 1  @a劳动与就业@9lao dong yu jiu ye@f张彦,陈晓强编著
210    @a北京@c社会科学文献出版社@d2002
215    @a11,494页@d21cm
225 2  @a社会工作丛书
330    @a本书对劳动、就业、择业、创业等问题进行了理论阐述,介绍了国内外关于劳动,就业等问题的相关政策以及叙述了关于劳动、就业、择业创业中一些技术、技巧性等问题。
461  0 @12001 @a社会工作丛书
510 1  @aLabor and Employment@zeng
606 0  @a劳动就业@x基本知识
606 0  @a职业选择@x基本知识
606 0  @2CT@3S045516@a劳动就业
606 0  @2CT@3S095484@a职业选择
606 0  @a劳动经济
690    @aF24@v4
701  0 @a张彦@9zhang yan@4编著
701  0 @a陈晓强@9chen xiao qiang@4编著
801    @aCN@bTSTC@c20031011
905    @a213230@b326832-834@dF24@e27@f3
    
    劳动与就业/张彦,陈晓强编著.-北京:社会科学文献出版社,2002
    11,494页;21cm.-(社会工作丛书)
    
    
    ISBN 7-80149-753-8:CNY29.00
    本书对劳动、就业、择业、创业等问题进行了理论阐述,介绍了国内外关于劳动,就业等问题的相关政策以及叙述了关于劳动、就业、择业创业中一些技术、技巧性等问题。
●
相关链接 在E读中查询图书 在五车中查询图书 在当当中查询图书 在豆瓣中查询图书


正题名:劳动与就业     索取号:F24/27         预约/预借

序号 登录号 条形码 馆藏地/架位号 状态 备注
1 0326832   203268329   第一借阅区/ [索取号:F24/27] 在馆    
2 0326833   203268338   第一借阅区/ [索取号:F24/27] 在馆    
3 0326834   203268347   第一样本阅览室/ [索取号:F24/27] 在馆    
唐山师范学院图书馆 欢迎您!
大连网信软件有限公司© 版权所有